Twister (Record no. 409277)
[ view plain ]
| 000 -LEADER | |
|---|---|
| fixed length control field | 00467crm a2200193 i 4500 |
| 005 - DATE AND TIME OF LATEST TRANSACTION | |
| control field | 20250620125827.0 |
| 008 - FIXED-LENGTH DATA ELEMENTS--GENERAL INFORMATION | |
| fixed length control field | 250620b |||||||| |||| 00| 0 eng d |
| 040 ## - CATALOGING SOURCE | |
| Description conventions | rda |
| 092 ## - LOCALLY ASSIGNED DEWEY CALL NUMBER (OCLC) | |
| Item number | Games |
| 245 ## - TITLE STATEMENT | |
| Title | Twister |
| 264 ## - Production, Publication, Distribution, Manufacture, and Copyright Notice. | |
| Place of production, publication, distribution, manufacture | Pawtucket, RI : |
| Name of producer, publisher, distributor, manufacturer | Hasbro |
| Date of production, publication, distribution, manufacture, or copyr | 2002 |
| 300 ## - PHYSICAL DESCRIPTION | |
| Extent | Twister mat, spinner & instructions |
| 520 ## - SUMMARY, ETC. | |
| Summary, etc | Age 6+ 2+ players |
| 521 ## - TARGET AUDIENCE NOTE | |
| Target audience note | Family |
| 942 ## - ADDED ENTRY ELEMENTS (KOHA) | |
| Source of classification or shelving scheme | Dewey Decimal Classification |
| Koha item type | Games |
| Withdrawn status | Lost status | Source of classification or shelving scheme | Damaged status | Not for loan | Collection code | Home library | Current library | Shelving location | Date acquired | Total Checkouts | Total Renewals | Full call number | Barcode | Date last seen | Date checked out | Price effective from | Koha item type |
|---|---|---|---|---|---|---|---|---|---|---|---|---|---|---|---|---|---|
| Dewey Decimal Classification | Games | Wasatch County Library | Wasatch County Library | Main Floor Magazine Area | 06/20/2025 | 5 | 5 | Games Family Twister | 34301001305509 | 02/18/2026 | 01/30/2026 | 06/20/2025 | Games |
